00900cam a22002531 450000100060000000300080000600500170001400800390003103500190007003500210008904000410011004100080015108200200015910000420017924501170022126000350033830000190037350400270039265000300041970000480044994200120049799900170050995201200052614650BD-RjUL20211208235652.0750710s1956 nyu b 000 0 eng a(BD-RjUL)14703 a(BD-RJUL)1441616 aDLCcTxU-DadOCoLCdNjSoVAdDLCbeng aeng a610.9bGRE 19561 aRapport, Samuel Berder,d1903-92508110aGreat adventures in medicine /cedited by Samuel Rapport [and] Helen Wright, with an introd. by Detlev W. Bronk. aNew York :bDial Press,c1952. a874 p.c22 cm. aIncludes bibliography. 0aMedicinexHistory.9456601 aWright, Helen,d1914-ejoint author.925082 2ddccBK c14650d14650 00102ddc40718NFICaRUCLbRUCLcReadingd2014-02-06l0o610.9 GRE 1956r2014-02-06 00:00:00tC-1w2021-12-08yBK